Ultimate Once Upon A Time TEST [part 2] - Statistics

General Stats
  • This quiz has been taken 312 times
  • The average score is 6 of 16
Answer Stats
Hint Answer % Correct
What does Regina bring to Emma's room? An Apple
98%
What curse does Regina use? The Dark Curse
69%
What do Henry and Emma like on their cocoa? Cinnamon
68%
What is Regina's dad's name? Henry
66%
What did Emma do to Regina's tree? Cut part of it down
58%
What word can Mr.Gold say to get what he wants? Please
56%
Who did Regina give the curse to? Maleficent
46%
Who bailed Emma out? Mary/Snow White
44%
Why did Emma get arrested? Regina framed her
21%
How what does Regina need to enact the curse? A heart of the thing she loves most
13%
What does she ask the darkest souls to give for the curse? A Lock of Hair
13%
What did Regina do to Emma's car? She put a boot on it
7%
What Kind of tree does Regina own? Honey Crisp Tree
4%
What did Regina trade the curse for? Sleeping Spell
2%
Where is the curse at? The Forbidden Fortress
2%
Why does Mary trust Emma? She feels like they have met before
1%
No matching quizzes found
Score Distribution
Percent of People with Each Score
Percentile by Number Answered
Your Score History
You have not taken this quiz